| 000 -CABECERA |
| campo de control de longitud fija |
02057nam a2200301 a 4500 |
| 001 - NÚMERO DE CONTROL |
| campo de control |
000035830 |
| 005 - FECHA Y HORA DE LA ÚLTIMA TRANSACCIÓN |
| campo de control |
20200120222245.0 |
| 008 - DATOS DE LONGITUD FIJA--INFORMACIÓN GENERAL |
| campo de control de longitud fija |
090708s2002 col0 gr0 0 000 d |
| 020 ## - NÚMERO INTERNACIONAL ESTÁNDAR DEL LIBRO |
| Número Internacional Estándar del Libro |
958047107X |
| 041 0# - CÓDIGO DE LENGUA |
| Código de lengua del texto/banda sonora o título independiente |
spa |
| 043 ## - CÓDIGO DE ÁREA GEOGRÁFICA |
| Código de área geográfica |
s-ck--- |
| 090 ## - LOCALMENTE ASIGNADO TIPO-LC NÚMERO DE CLASIFICACIÓN (OCLC); NÚMERO DE CLASIFICACIÓN LOCAL (RLIN) |
| Número de clasificación (OCLC) (R) ; Numero de clasificación, CALL (RLIN) (NR) |
AN |
| Número cutter local (OCLC) ; Número de libro/Signatura topográfica íntegra, CALL (RLIN) |
ISAm.1 |
| 100 0# - ENTRADA PRINCIPAL--NOMBRE DE PERSONA |
| Nombre de persona |
Isaacs, Jorge |
| 245 10 - MENCIÓN DE TÍTULO |
| Título |
María / |
| Mención de responsabilidad, etc. |
Jorge Isaacs; editor: Iván Hernández Arbeláez; coordinadora de la colección: Ana Cristina Robledo Chee-Chong. |
| 250 ## - MENCIÓN DE EDICIÓN |
| Mención de edición |
2a. ed. |
| 260 ## - PUBLICACIÓN, DISTRIBUCIÓN, ETC. |
| Lugar de publicación, distribución, etc. |
Bogotá : |
| Nombre del editor, distribuidor, etc. |
Norma, |
| Fecha de publicación, distribución, etc. |
2002. |
| 300 ## - DESCRIPCIÓN FÍSICA |
| Extensión |
312 p. |
| 490 #0 - MENCIÓN DE SERIE |
| Mención de serie |
Cara y cruz |
| 501 ## - NOTA DE "CON" |
| Nota de “Con” |
Jorge Isaacs : vida y obra |
| 520 ## - SUMARIO, ETC. |
| Sumario, etc. |
Historia de amor hermosa y simple, sin personajes que conspiren contra sus protagonistas; sólo la vida, con su rigor mortal, se interpone ante el intenso romanticismo de la novela. La realidad la impregna desde la primera página hasta la última: realista es el paisaje, realista el entorno social que rodea a los enamorados, realista incluso (como lo ha señalado Borges) la enfermedad que acaba con la vida de María. María es sin duda la gran novela romántica hispanoamericana. Así lo han reconocido los más importantes críticos del continente. Ha sido, además, leída con auténtica emoción por todas las generaciones que se han sucedido desde la época de Isaacs hasta la nuestra. Grandes escritores, entre ellos García Márquez, han reivindicado su grandeza y su carácter sagrado, por tratarse de un testimonio auténtico del más puro amor humano. A pesar de las múltiples polémicas que María ha suscitado, la obra de Isaacs ha salido victoriosa de los más enconados escrutinios; testimonio de ello es el concepto de Borges, quien la consideró una obra fresca, ajena a la retórica enfática de los escritores europeos. |
| 650 17 - PUNTO DE ACCESO ADICIONAL DE MATERIA--TÉRMINO DE MATERIA |
| Término de materia o nombre geográfico como elemento de entrada |
Novela colombiana |
| Fuente del encabezamiento o término |
LEMB |
| 650 17 - PUNTO DE ACCESO ADICIONAL DE MATERIA--TÉRMINO DE MATERIA |
| Término de materia o nombre geográfico como elemento de entrada |
Literatura colombiana |
| Fuente del encabezamiento o término |
LEMB |
| 650 17 - PUNTO DE ACCESO ADICIONAL DE MATERIA--TÉRMINO DE MATERIA |
| Término de materia o nombre geográfico como elemento de entrada |
Novela amorosa |
| Fuente del encabezamiento o término |
LEMB |
| 700 1# - PUNTO DE ACCESO ADICIONAL--NOMBRE DE PERSONA |
| Nombre de persona |
Hernández Arbeláez, Iván |
| Término indicativo de función/relación |
ed. |
| 700 1# - PUNTO DE ACCESO ADICIONAL--NOMBRE DE PERSONA |
| Nombre de persona |
Robledo Chee-Chong. Ana Cristana |
| Término indicativo de función/relación |
coor. |
| 740 0# - PUNTO DE ACCESO ADICIONAL--TÍTULO RELACIONADO O ANALÍTICO NO CONTROLADO |
| Título relacionado o analítico no controlado |
Jorge Isaacs : vida y obra |
| 901 ## - ELEMENTOS DE DATOS A LOCAL LDA (RLIN) |
| a |
Compra, Norma; $22.000, 2008 |